| Tag |
First Indicator |
Second Indicator |
Subfields |
| LEADER |
00000cam a2200000 4500 |
| 001 |
in00000273513 |
| 005 |
20151010064847.0 |
| 008 |
750414s1956 iluab b s00000 eng d |
| 010 |
|
|
|a a 56009880
|
| 035 |
|
|
|a (OCoLC)01276635
|
| 035 |
|
|
|9 ABE2556AM
|
| 040 |
|
|
|c SPI
|d TXA
|d UtOrBLW
|
| 049 |
|
|
|a TXAM
|c [275557]
|
| 050 |
0 |
0 |
|a QE105
|b .A45 no.222
|
| 100 |
1 |
|
|a Bergstrom, Robert Edward.
|
| 245 |
1 |
0 |
|a Groundwater geology in western Illinois, north part, a preliminary geologic report.
|
| 264 |
|
1 |
|a Urbana,
|b [publisher not identified] ;
|c 1956.
|
| 300 |
|
|
|a 21 pages :
|b illustrations, maps. ;
|c 25 cm.
|
| 336 |
|
|
|a text
|b txt
|2 rdacontent
|
| 337 |
|
|
|a unmediated
|b n
|2 rdamedia
|
| 338 |
|
|
|a volume
|b nc
|2 rdacarrier
|
| 490 |
1 |
|
|a Illinois. State Geological Survey. Circular ;
|v 222
|
| 504 |
|
|
|a Bibliography: page 21.
|
| 650 |
|
0 |
|a Groundwater
|z Illinois.
|
| 650 |
|
0 |
|a Water-supply
|z Illinois.
|
| 830 |
|
0 |
|a Circular (Illinois State Geological Survey) ;
|v 222.
|
| 999 |
|
|
|a MARS
|
| 999 |
f |
f |
|s bb3d0776-a4c8-3eff-b112-22dea4872fbd
|i 94bde7f1-47b1-381e-bed7-bae1ebff57f6
|t 0
|
| 952 |
f |
f |
|a Texas A&M University
|b College Station
|c Sterling C. Evans Library
|s Evans stk
|d Evans: Library Stacks
|t 0
|e QE105 .A45 no. 202-225
|h Library of Congress classification
|
| 998 |
f |
f |
|a QE105 .A45 no. 202-225
|t 0
|l Evans: Library Stacks
|